Llwytho...
International marketing management /
| Prif Awdur: | |
|---|---|
| Awduron Eraill: | |
| Fformat: | Printed Book |
| Cyhoeddwyd: |
Delhi :
King Books ,
1999.
|
| Pynciau: |
| LEADER | 00444cam a2200145ua 4500 | ||
|---|---|---|---|
| 082 | 1 | 4 | |a 658.848 |b VAR-I |
| 100 | 1 | |a Varma, M M . | |
| 245 | 1 | 0 | |a International marketing management / |
| 260 | |a Delhi : |b King Books , |c 1999. | ||
| 300 | |a 21.16p ; | ||
| 650 | 0 | |a Marketing | |
| 700 | 1 | |a Aggarwal, R K . | |
| 942 | |c BK | ||
| 999 | |c 35640 |d 35640 | ||
| 952 | |0 0 |1 0 |4 0 |6 658_848000000000000_VARI |7 0 |9 45695 |a KU |b KU |d 2015-07-05 |l 0 |o 658.848 VAR-I |p MB00035 |r 2020-12-24 |y BK | ||